| 000 | 00527 a2200181 4500 | ||
|---|---|---|---|
| 999 |
_c4711 _d4711 |
||
| 020 | _a9780748717019 | ||
| 050 | _aQA 135.5 GRE 1994 | ||
| 100 |
_aGreer, A. _eauthor |
||
| 245 |
_aBTEC national NII Mathematics for technicians/ _c A Greer and G.W.Taylor |
||
| 264 |
_aCheltenham : _bStanley Thornes _c1994 |
||
| 300 | _avii, 448p. | ||
| 500 | _aIncludes index | ||
| 650 | _aLogarithms. | ||
| 650 | _aEngineering mathematics. | ||
| 650 | _aMathematics. | ||
| 700 |
_aTaylor, G. W. _eauthor |
||
| 942 |
_2lcc _cBK _h135.5 _iGRE _kQA |
||